Maantieteellisiä seitsikkoja #1 - Statistics

Yleistilastot
  • Tätä visaa on pelattu 664 kertaa
  • Keskiarvotulos 34 / 56
Vastaustilastot
Seitsikko Vastaus % Oikein
Maanosat Aasia
99%
Maanosat Eurooppa
99%
Maanosat Pohjois-Amerikka
99%
Maanosat Australia
98%
Maanosat Etelä-Amerikka
98%
Maanosat Afrikka
97%
Puhutuimmat germaaniset kielet Saksa
92%
Iranin naapurimaat irak
91%
Maanosat Etelämanner
87%
Yhdysvaltain väkirikkaimmat osavaltiot Kalifornia
84%
Yhdysvaltain väkirikkaimmat osavaltiot New York
84%
Entisen Jugoslavian nykyiset valtiot Serbia
84%
Yhdysvaltain väkirikkaimmat osavaltiot Texas
84%
Entisen Jugoslavian nykyiset valtiot Kosovo
83%
Entisen Jugoslavian nykyiset valtiot Bosnia ja Hertsegovina
82%
Entisen Jugoslavian nykyiset valtiot Kroatia
80%
Entisen Jugoslavian nykyiset valtiot Montenegro
80%
Entisen Jugoslavian nykyiset valtiot Pohjois-Makedonia
79%
Entisen Jugoslavian nykyiset valtiot Slovenia
78%
Iranin naapurimaat Afganistan
77%
Puhutuimmat germaaniset kielet Englanti
77%
Etelä-Amerikan valuuttojen nimet Peso
77%
Yhdysvaltain väkirikkaimmat osavaltiot Florida
76%
Puhutuimmat germaaniset kielet Ruotsi
76%
Iranin naapurimaat Pakistan
73%
Puhutuimmat germaaniset kielet Norja
72%
Puhutuimmat germaaniset kielet Tanska
71%
Kanariansaaret Teneriffa
70%
Iranin naapurimaat Turkmenistan
65%
Puhutuimmat germaaniset kielet Hollanti
64%
Iranin naapurimaat Armenia
63%
Iranin naapurimaat Turkki
63%
Etelä-Amerikan valuuttojen nimet Dollari
62%
Iranin naapurimaat Azerbaidžan
60%
Kanariansaaret Gran Canaria
60%
V:llä alkavat pääkaupungit Vilna
54%
V:llä alkavat pääkaupungit Valletta
49%
Yhdysvaltain väkirikkaimmat osavaltiot Pennsylvania
45%
V:llä alkavat pääkaupungit Varsova
45%
V:llä alkavat pääkaupungit Vatikaani
43%
Yhdysvaltain väkirikkaimmat osavaltiot Ohio
42%
V:llä alkavat pääkaupungit Vaduz
42%
Yhdysvaltain väkirikkaimmat osavaltiot Illinois
41%
Kanariansaaret Lanzarote
37%
V:llä alkavat pääkaupungit Vientiane
32%
Kanariansaaret Fuerteventura
28%
Etelä-Amerikan valuuttojen nimet Real
24%
Kanariansaaret La Palma
18%
Puhutuimmat germaaniset kielet Afrikaans
17%
Etelä-Amerikan valuuttojen nimet Bolivar
14%
Kanariansaaret La Gomera
14%
V:llä alkavat pääkaupungit Victoria
14%
Kanariansaaret El Hierro
13%
Etelä-Amerikan valuuttojen nimet Boliviano
6%
Etelä-Amerikan valuuttojen nimet Sol
6%
Etelä-Amerikan valuuttojen nimet Guarani
4%
Ehtoja vastaavia visoja ei löytynyt
Tulosjakauma
Jokaisen tuloksen saaneiden osuus
Persentiili vastausten määrän mukaan
Tuloshistoriasi
Et ole pelannut tätä visaa